Представление документа в формате MARC21

Поле Инд. ПП Название Значение
Тип записи a
Библиографический уровень m
001 Контрольный номер f8a55030-d929-4c0d-895a-fd986bcc2ae6
005 Дата корректировки 20140226122546.8
008 Кодируемые данные 000320 d
020 a ISBN 5-211-02295-5
c Цена, тираж 110-00; 1700-00; 405-00
040 a Служба первич. каталог. НБ ТвГУ
041 a Код языка текста rus
080 a Индекс УДК 681.06
a Индекс УДК 519.8
084 a Индекс другой классификации/Индекс ББК З973.2-018.2
a Индекс другой классификации/Индекс ББК В183
090 x Авторский знак С40
a Полочн. индекс З973.2
245 10 a Заглавие Системное программирование и модели исследования операций
b Продолж. заглавия Сб. тр. фак. вычисл. математики и кибернетики МГУ
c Ответственность Под ред. Л. Н. Королева, П. С. Краснощекова
260 0_ a Место издания Москва
b Издательство Изд-во Моск. ун-та
c Дата издания 1993
300 a Объем 223 с.
b Иллюстрации/ тип воспроизводства ил.
504 a Библиография Библиогр. в конце ст.
650 a Основная рубрика Программирование системное
650 a Основная рубрика Операций исследование
653 a Ключевые слова Проектирование сложных систем
a Ключевые слова Исследование операций
a Ключевые слова Автоматизированные рабочие места
a Ключевые слова Программирование системное
700 1_ a Другие авторы Королев Лев Николаевич
e Роль лиц ред.
700 1_ a Другие авторы Краснощеков П. С.
e Роль лиц ред.
852 t Порядковый номер экземпляра 4
p Инвентарный номер 643111
p Инвентарный номер 652628
p Инвентарный номер 655894
p Инвентарный номер 655895
954 a Дата поступления на обработку 14.02.94
999 a Подразделение 2 Фил3